000 00314nam a2200133Ia 4500
005 20251222140034.0
008 251222s1900||||xx |||||||||||||| ||spa||
020 _a84-301-0837-8
082 _a212.7/L99
100 _aStanislas Lyonnet
245 0 _aEl amor, plenitud de la ley
264 _bSígueme
942 _cLIB
999 _c3061
_d3061